Субъект нормативной оценки, выражаемой семантикой языковых единиц, как носитель национальной языковой картины мира; Сибирский филологический журнал; № 1

Dades bibliogràfiques
Parent link:Сибирский филологический журнал/ Российская академия наук (РАН), Сибирское отделение (СО), Институт филологии (ИФ).— , 2003-
№ 1.— 2013.— [С. 101-106]
Autor principal: Ефанова Л. Г. Лариса Георгиевна
Autor corporatiu: Национальный исследовательский Томский политехнический университет
Sumari:Заглавие с экрана
Данная статья носит теоретический характер и имеет целью отразить существующие в современном языкознании представления о нор-мах, отраженных в значениях языковых единиц, как о составляющей язы-ковой картины мира, а также исследовать роль в ее создании носителей языка как субъекта нормативной оценки.
The paper is of a theoretical character and is intended to reflect modern linguistic ideas of norms expressed in the meanings of linguistic units as components of the linguistic picture of the world and to investigate the role of the native speaker of the language in creating this picture as a normative estimation subject.
Режим доступа: по договору с организацией-держателем ресурса
Idioma:rus
Publicat: 2013
Matèries:
Accés en línia:http://elibrary.ru/item.asp?id=19065768
http://www.philology.nsc.ru/journals/spj/article.php?id=791
Format: MixedMaterials Electrònic Capítol de llibre
KOHA link:https://koha.lib.tpu.ru/cgi-bin/koha/opac-detail.pl?biblionumber=639516

MARC

LEADER 00000naa0a2200000 4500
001 639516
005 20250603143342.0
035 |a (RuTPU)RU\TPU\network\4003 
090 |a 639516 
100 |a 20150316d2013 k||y0rusy50 ca 
101 0 |a rus 
102 |a RU 
135 |a drcn ---uucaa 
181 0 |a i  
182 0 |a b 
200 1 |a Субъект нормативной оценки, выражаемой семантикой языковых единиц, как носитель национальной языковой картины мира  |d The subject of normative estimation expressed by the semantics of language units as the possessor of the national linguistic picture of the world  |f Л. Г. Ефанова 
203 |a Текст  |c электронный 
300 |a Заглавие с экрана 
320 |a [Библиогр.: с. 106 (17 назв.)] 
330 |a Данная статья носит теоретический характер и имеет целью отразить существующие в современном языкознании представления о нор-мах, отраженных в значениях языковых единиц, как о составляющей язы-ковой картины мира, а также исследовать роль в ее создании носителей языка как субъекта нормативной оценки. 
330 |a The paper is of a theoretical character and is intended to reflect modern linguistic ideas of norms expressed in the meanings of linguistic units as components of the linguistic picture of the world and to investigate the role of the native speaker of the language in creating this picture as a normative estimation subject. 
333 |a Режим доступа: по договору с организацией-держателем ресурса 
461 |t Сибирский филологический журнал  |f Российская академия наук (РАН), Сибирское отделение (СО), Институт филологии (ИФ)  |d 2003- 
463 |t № 1  |v [С. 101-106]  |d 2013 
510 1 |a The subject of normative estimation expressed by the semantics of language units as the possessor of the national linguistic picture of the world  |z eng 
610 1 |a электронный ресурс 
610 1 |a труды учёных ТПУ 
610 1 |a нормативные оценки 
610 1 |a языковая картина мира 
610 1 |a картина мира 
610 1 |a субъекты 
700 1 |a Ефанова  |b Л. Г.  |c лингвист  |c профессор Томского политехнического университета, доктор филологических наук  |f 1961-  |g Лариса Георгиевна  |3 (RuTPU)RU\TPU\pers\31425  |9 15589 
712 0 2 |a Национальный исследовательский Томский политехнический университет  |c (2009- )  |9 26305 
801 2 |a RU  |b 63413507  |c 20150316  |g RCR 
850 |a 63413507 
856 4 |u http://elibrary.ru/item.asp?id=19065768 
856 4 |u http://www.philology.nsc.ru/journals/spj/article.php?id=791 
942 |c CF